| 000 | 00819nam a2200301Ia 4500 | ||
|---|---|---|---|
| 005 | 20250425162158.0 | ||
| 008 | 250425s9999 xx 000 0 und d | ||
| 020 | _a9586484378 | ||
| 041 | _aspa | ||
| 043 | _ack | ||
| 082 | _a657 | ||
| 100 | _aGRAY, ROB | ||
| 245 | 0 | _aCONTABILIDAD Y AUDITORIA AMBIENTAL | |
| 250 | _a2A ED. | ||
| 260 | _aBOGOTA | ||
| 260 |
_aColombia _bECOE EDICIONES _c2006 |
||
| 300 | _a324 | ||
| 500 | _aCOLECCION TEXTOS UNIVERSITARIOS | ||
| 500 | _aTítulo Traducido: ACCOUNTING FOR THE ENVIRONMENT | ||
| 650 | _aAUDITORIA AMBIENTAL | ||
| 650 | _aCOMPAÑIAS-CONTABILIDAD | ||
| 650 | _aPOLITICA AMBIENTAL | ||
| 650 | _aPROTECCION DEL MEDIO AMBIENTE | ||
| 700 |
_aSAMUEL ALBERTO MANTILLA B. _etraductor |
||
| 710 | _aBANCO DE LA REPUBLICA | ||
| 942 | _c01 | ||
| 010 | _a54495 | ||
| 999 |
_c223931 _d223931 |
||